Course in the large sample theory of statistical inference / (Record no. 52552)

MARC details
000 -LEADER
fixed length control field 00690nam a2200229Ia 4500
005 - DATE AND TIME OF LATEST TRANSACTION
control field 20260429112135.0
008 - FIXED-LENGTH DATA ELEMENTS--GENERAL INFORMATION
fixed length control field 260429s9999||||xx |||||||||||||| ||und||
020 ## - INTERNATIONAL STANDARD BOOK NUMBER
International Standard Book Number 9781498726061
041 ## - LANGUAGE CODE
Language English
082 ## - DEWEY DECIMAL CLASSIFICATION NUMBER
Classification number 519.54
Item number HAL
100 ## - MAIN ENTRY--PERSONAL NAME
Personal name Hall, William Jackson
245 #0 - TITLE STATEMENT
Title Course in the large sample theory of statistical inference /
Statement of responsibility, etc William Jackson Hall
250 ## - EDITION STATEMENT
Edition statement 1st ed.
260 ## - PUBLICATION, DISTRIBUTION, ETC. (IMPRINT)
Place of publication, distribution, etc Boca Raton :
Name of publisher, distributor, etc CRC Press,
Date of publication, distribution, etc 2024.
300 ## - PHYSICAL DESCRIPTION
Extent x, 309 p.; hb
440 ## - SERIES STATEMENT/ADDED ENTRY--TITLE
Title Chapman & Hall/CRC texts in statistical science
650 ## - SUBJECT ADDED ENTRY--TOPICAL TERM
Topical term or geographic name as entry element Asymptotic theory
650 ## - SUBJECT ADDED ENTRY--TOPICAL TERM
Topical term or geographic name as entry element Statistical hypothesis testing
700 ## - ADDED ENTRY--PERSONAL NAME
Personal name Oakes, David
700 ## - ADDED ENTRY--PERSONAL NAME
Personal name Blitzein, Joseph K
942 ## - ADDED ENTRY ELEMENTS (KOHA)
Koha item type Text Books
Holdings
Withdrawn status Lost status Damaged status Not for loan Collection code Home library Location Shelving location Date of Cataloging Source of acquisition Total Checkouts Full call number Barcode Date last seen Price effective from Koha item type
        Non-fiction CUTN Central Library CUTN Central Library Sciences 29/04/2026 TBH Library Book Suppliers, Chennai - Invoice No. SINV00733 on 09-02-2026   519.54 HAL 57655 29/04/2026 29/04/2026 Text Books